000 00485nam a22001697a 4500
003 PILC
005 20151027145141.0
008 130316t xxu||||| |||| 00| 0 eng d
020 _a0679808604
050 _aQK 1
_b.St854 1993
082 _aCL 580.7
_bP694 1993
245 _aThe human body and how it works
_cMary Atwater...[et al.]
260 _aNew York
_bMacmillan / McGraw-Hill School Pub.
_cc1993
300 _a96 p.
_bcol. ill.
_c26 cm.
942 _2lcc
_cBK
999 _c11867
_d11867